000 00730nam a22002177a 4500
003 UA-OsUOA
001 106356
007 ta
008 20140513b un ||||| |||| 00| 0 ukr d
100 _aМісінькевич О.
090 _a81
_bМ71
942 _cSA
040 _aUA-OsUOA
_bukr
_cUA-OsUOA
_dUA-OsUOA
245 _aКонцепт культури як одиниця ментальної інформації у мовній картині світу
300 _aС.53-58
955 _a0
041 _aukr
080 _a81
773 0 _w106349
_tМандрівець
_dТернопіль
_d2014
_g1
650 7 _a8 Мовознавство. Художня література. Літературознавство
_2UDC
999 _c392516
_d392516